[Event "SG Büchenbach/Roth e.V. 2-SK 1911 Herzog"]
[Site "?"]
[Date "2012.11.18"]
[Round "3.8"]
[White "Classen, Jakob"]
[Black "Wellmann, Georg Franz"]
[Result "0-1"]
[WhiteElo "1640"]
[BlackElo "1829"]
[PlyCount "47"]
[EventDate "2012.??.??"]
[WhiteTeam "SG Büchenbach/Roth e.V. 2"]
[BlackTeam "SK 1911 Herzogenaurach e.V. 1"]

1. d4 d6 2. e3 Bf5 3. c4 Nf6 4. Nc3 Nbd7 5. h3 e5 6. Bd3 Bxd3 7. Qxd3 g6 8. Nf3
Qe7 9. dxe5 dxe5 10. e4 Qb4 11. a3 Nc5 12. Qe2 Qb3 13. Nd2 Qc2 14. O-O O-O-O
15. f3 Nd3 16. Nd5 Nh5 17. Kh2 Nhf4 18. Nxf4 exf4 19. b4 Nxc1 20. Rfxc1 Qxd2
21. Qf1 Qd3 22. Qf2 Qe3 23. Qxe3 fxe3 24. Rc3 0-1

[Event "SK Neumarkt e.V. 1-SC Noris-Tarrasch N 1"]
[Site "?"]
[Date "2012.11.18"]
[Round "3.1"]
[White "Süß, Stefan"]
[Black "Mösl, Sebastian"]
[Result "1-0"]
[WhiteElo "1901"]
[BlackElo "1819"]
[PlyCount "81"]
[EventDate "2012.??.??"]
[WhiteTeam "SC Noris-Tarrasch N 1873 e.V. 4"]
[BlackTeam "SK Neumarkt e.V. 1"]

1. d4 Nf6 2. Nf3 g6 3. g3 Bg7 4. Bg2 d6 5. O-O O-O 6. Nbd2 c6 7. b3 Nbd7 8. Bb2
Qc7 9. c4 Rb8 10. Rc1 c5 11. d5 a6 12. Qc2 b5 13. e4 Nb6 14. Rfe1 Ne8 15. Bxg7
Nxg7 16. e5 Bf5 17. Qd1 Rbd8 18. Qe2 bxc4 19. bxc4 e6 20. Nh4 exd5 21. cxd5
Rfe8 22. Nxf5 Nxf5 23. e6 fxe6 24. dxe6 Nd4 25. Qg4 Qe7 26. Nf3 Nxf3+ 27. Bxf3
d5 28. Re5 c4 29. h4 Qf6 30. Rce1 Re7 31. Qd4 Qxf3 32. Qxb6 Rf8 33. h5 Qf6 34.
Rxd5 c3 35. Rd8 Rfe8 36. Rxe8+ Rxe8 37. Qxa6 c2 38. Qc4 c1=Q 39. Qxc1 Rxe6 40.
Qc8+ Kf7 41. Qxe6+ 1-0

[Event "SK Neumarkt e.V. 1-SC Noris-Tarrasch N 1"]
[Site "?"]
[Date "2012.11.18"]
[Round "3.2"]
[White "Simon, Martin"]
[Black "Mättig, Stefan"]
[Result "1-0"]
[WhiteElo "1897"]
[BlackElo "1983"]
[PlyCount "73"]
[EventDate "2012.??.??"]
[WhiteTeam "SK Neumarkt e.V. 1"]
[BlackTeam "SC Noris-Tarrasch N 1873 e.V. 4"]

1. e4 c5 2. Nf3 e6 3. d4 cxd4 4. Nxd4 Nf6 5. f3 d5 6. exd5 exd5 7. Bb5+ Bd7 8.
Qe2+ Qe7 9. Nc3 Qxe2+ 10. Ncxe2 Bc5 11. Bg5 a6 12. Bxd7+ Nbxd7 13. O-O-O O-O
14. Nb3 Rfe8 15. Nc3 Be3+ 16. Bxe3 Rxe3 17. Nxd5 Re2 18. Nf4 Ree8 19. Rhe1 Rec8
20. Re7 Rc7 21. Nd5 Nxd5 22. Rxd5 Rd8 23. Nc5 Rxc5 24. Rdxd7 Rdc8 25. c3 b5 26.
Rxf7 Rg5 27. g3 b4 28. Rc7 Rb8 29. c4 b3 30. a3 h5 31. Kd2 h4 32. g4 Rb6 33.
Kc3 a5 34. h3 a4 35. f4 Rgg6 36. c5 Rb8 37. f5 1-0

[Event "SK Neumarkt e.V. 1-SC Noris-Tarrasch N 1"]
[Site "?"]
[Date "2012.11.18"]
[Round "3.3"]
[White "Renner, Christian"]
[Black "Seitner, Ralf"]
[Result "0-1"]
[WhiteElo "1898"]
[BlackElo "1877"]
[PlyCount "60"]
[EventDate "2012.??.??"]
[WhiteTeam "SC Noris-Tarrasch N 1873 e.V. 4"]
[BlackTeam "SK Neumarkt e.V. 1"]

1. d4 Nf6 2. c4 g6 3. Nc3 Bg7 4. e4 d6 5. Nf3 O-O 6. Be2 e5 7. O-O Nc6 8. d5
Ne7 9. b4 a5 10. Ba3 axb4 11. Bxb4 Nd7 12. a4 h6 13. Qb3 Kh7 14. Ne1 f5 15. f3
c5 16. dxc6 Qb6+ 17. Kh1 bxc6 18. a5 Qb8 19. Qa4 Nb6 20. Qb3 c5 21. Ba3 Rxa5
22. Nc2 Be6 23. Rab1 Nd7 24. Nb5 fxe4 25. fxe4 Rxf1+ 26. Rxf1 Nc6 27. Qg3 Nd4
28. Ncxd4 exd4 29. Qxd6 Qxd6 30. Nxd6 Rxa3 0-1

[Event "SK Neumarkt e.V. 1-SC Noris-Tarrasch N 1"]
[Site "?"]
[Date "2012.11.18"]
[Round "3.4"]
[White "Bothe, Matthias"]
[Black "Süß, Helmut"]
[Result "1/2-1/2"]
[WhiteElo "1876"]
[BlackElo "1917"]
[PlyCount "96"]
[EventDate "2012.??.??"]
[WhiteTeam "SK Neumarkt e.V. 1"]
[BlackTeam "SC Noris-Tarrasch N 1873 e.V. 4"]

1. c4 c5 2. g3 Nc6 3. Bg2 g6 4. Nf3 Bg7 5. Nc3 d6 6. O-O e6 7. a3 Nge7 8. Rb1
a5 9. b3 O-O 10. Bb2 e5 11. e4 Bg4 12. h3 Bxf3 13. Bxf3 Nd4 14. Nd5 Nxf3+ 15.
Qxf3 Nxd5 16. exd5 f5 17. b4 axb4 18. axb4 cxb4 19. Qb3 Qa5 20. Bc1 b5 21. Qxb4
Qxb4 22. Rxb4 bxc4 23. Rxc4 Rfc8 24. Rxc8+ Rxc8 25. Ba3 Bf8 26. Rc1 Rxc1+ 27.
Bxc1 Be7 28. Ba3 Kf7 29. f4 exf4 30. gxf4 Ke8 31. Kf2 Kd7 32. Ke3 Bf6 33. d4 h6
34. Bb4 g5 35. fxg5 hxg5 36. Be1 Ke8 37. Bb4 Be7 38. Be1 Kf7 39. Kf3 Kg6 40.
Bg3 Kh5 41. Bf2 Bf6 42. Bg3 Be7 43. Bf2 Kg6 44. Ke3 Kf7 45. Kf3 Ke8 46. h4 Kf7
47. hxg5 Kg6 48. Bg3 Kxg5 1/2-1/2

[Event "SK Neumarkt e.V. 1-SC Noris-Tarrasch N 1"]
[Site "?"]
[Date "2012.11.18"]
[Round "3.5"]
[White "Rausch, Wolfgang sr"]
[Black "Weber, Winfried"]
[Result "1/2-1/2"]
[WhiteElo "1896"]
[BlackElo "1916"]
[PlyCount "89"]
[EventDate "2012.??.??"]
[WhiteTeam "SC Noris-Tarrasch N 1873 e.V. 4"]
[BlackTeam "SK Neumarkt e.V. 1"]

1. c4 Nc6 2. d4 e5 3. d5 Nce7 4. Nc3 Ng6 5. e4 Bc5 6. Be2 Nf6 7. Nf3 O-O 8. O-O
a6 9. a3 d6 10. Qd3 Nh5 11. Be3 Nhf4 12. Qd2 Bxe3 13. fxe3 Nxe2+ 14. Nxe2 Nh4
15. Ng3 g6 16. Qc2 b6 17. b4 Nxf3+ 18. Rxf3 Bg4 19. Rf2 Qg5 20. Qd3 a5 21. Raf1
axb4 22. axb4 Qe7 23. Qb3 Ra7 24. Ra2 Rfa8 25. Rfa1 Rxa2 26. Rxa2 Qf8 27. h3
Bd7 28. Qb1 Qc8 29. Qa1 Rxa2 30. Qxa2 Qb7 31. b5 Qb8 32. Ne2 h5 33. Nc1 Kf8 34.
Nd3 Ke7 35. Nb4 f6 36. Qa6 Kf8 37. Kf2 Bc8 38. Nc6 Bxa6 39. Nxb8 Bc8 40. Na6 c5
41. dxc6 Be6 42. c7 Ke7 43. Nb8 g5 44. Ke1 h4 45. Kf2 1/2-1/2

[Event "SK Neumarkt e.V. 1-SC Noris-Tarrasch N 1"]
[Site "?"]
[Date "2012.11.18"]
[Round "3.6"]
[White "Kipferl, Wolfgang"]
[Black "Junk, Philipp"]
[Result "1-0"]
[WhiteElo "1825"]
[BlackElo "1850"]
[PlyCount "99"]
[EventDate "2012.??.??"]
[WhiteTeam "SK Neumarkt e.V. 1"]
[BlackTeam "SC Noris-Tarrasch N 1873 e.V. 4"]

1. e4 c5 2. Nf3 e6 3. d4 cxd4 4. Nxd4 a6 5. Be3 Qc7 6. Be2 Nf6 7. f3 Nc6 8. Nb3
Be7 9. c4 d6 10. Nc3 O-O 11. O-O Rd8 12. Rc1 b6 13. Nd5 exd5 14. cxd5 Bd7 15.
Nd4 b5 16. Nxc6 Bxc6 17. Rxc6 Qb7 18. Qd2 Rdc8 19. Rfc1 Nd7 20. Qa5 Ne5 21. Rc7
Bd8 22. Rxc8 Rxc8 23. Rxc8 Qxc8 24. Qc3 Qxc3 25. bxc3 Bf6 26. Bd4 b4 27. Bxe5
Bxe5 28. cxb4 a5 29. bxa5 f6 30. Bb5 Bd4+ 31. Kf1 Kf7 32. Ke2 g5 33. Kd3 Bg1
34. a6 Ke7 35. g3 Kd8 36. f4 gxf4 37. gxf4 Kc7 38. h3 Bh2 39. Ke3 Bg1+ 40. Kf3
Kd8 41. Kg4 Ke7 42. Kh5 Kf8 43. e5 fxe5 44. fxe5 dxe5 45. d6 Be3 46. Kg4 Kf7
47. Kf5 Bd4 48. Bc4+ Ke8 49. Ke6 Kd8 50. Bb5 1-0

[Event "SK Neumarkt e.V. 1-SC Noris-Tarrasch N 1"]
[Site "?"]
[Date "2012.11.18"]
[Round "3.7"]
[White "Lenz, Harald"]
[Black "Brunner, Wolfgang"]
[Result "0-1"]
[WhiteElo "1770"]
[BlackElo "1862"]
[PlyCount "60"]
[EventDate "2012.??.??"]
[WhiteTeam "SC Noris-Tarrasch N 1873 e.V. 4"]
[BlackTeam "SK Neumarkt e.V. 1"]

1. d4 Nf6 2. g3 e6 3. Bg2 d5 4. Nf3 Be7 5. O-O O-O 6. b3 c6 7. Bb2 b6 8. Nbd2
Nbd7 9. Re1 Bb7 10. c4 Rc8 11. Rc1 c5 12. cxd5 Nxd5 13. a3 cxd4 14. Nxd4 Rxc1
15. Qxc1 Nc5 16. b4 Na4 17. Ba1 Qd7 18. Qc2 Rc8 19. Qb3 Bf6 20. e3 b5 21. Qd3
a6 22. N2b3 Rc7 23. Qd2 Qc8 24. Rc1 Rc4 25. Bf1 Rxc1 26. Nxc1 Ndc3 27. Ncb3 e5
28. Nc2 Qc6 29. f3 Qxf3 30. Bg2 Ne2+ 0-1

[Event "SK Neumarkt e.V. 1-SC Noris-Tarrasch N 1"]
[Site "?"]
[Date "2012.11.18"]
[Round "3.8"]
[White "Niebler, Andreas"]
[Black "Bischoff, Hermann"]
[Result "1-0"]
[WhiteElo "1784"]
[BlackElo "1790"]
[PlyCount "43"]
[EventDate "2012.??.??"]
[WhiteTeam "SK Neumarkt e.V. 1"]
[BlackTeam "SC Noris-Tarrasch N 1873 e.V. 4"]

1. d4 Nf6 2. c4 e6 3. Nc3 Bb4 4. Nf3 c5 5. e3 cxd4 6. exd4 O-O 7. Be2 d5 8. O-O
dxc4 9. Bxc4 Qc7 10. Qe2 a6 11. Bd2 Nc6 12. Rac1 Rd8 13. Be3 Ng4 14. Rfd1 b5
15. Bd3 Bb7 16. Ne4 Bd6 17. Nxd6 Qxd6 18. Bxh7+ Kh8 19. Be4 f5 20. Bxc6 Bxc6
21. Ne5 Be4 22. Nf7+ 1-0

[Event "SG Gunzenhausen/Weißenburg 2-SGem 1882 F"]
[Site "?"]
[Date "2012.11.18"]
[Round "3.1"]
[White "Heimrath, Wolfgang"]
[Black "Stephan, Eberhard"]
[Result "1-0"]
[WhiteElo "2064"]
[BlackElo "1920"]
[PlyCount "45"]
[EventDate "2012.??.??"]
[WhiteTeam "SGem 1882 Fürth 1"]
[BlackTeam "SG Gunzenhausen/Weißenburg 2"]

1. e4 c6 2. d4 d5 3. e5 Bf5 4. Nc3 h5 5. Bd3 Bxd3 6. Qxd3 e6 7. Nf3 Ne7 8. Bg5
Qb6 9. O-O Nf5 10. a4 Na6 11. Rfd1 c5 12. Nxd5 Qc6 13. Ne3 Nb4 14. d5 Nxd3 15.
dxc6 Nxe3 16. Rxd3 Nd5 17. cxb7 Rb8 18. c4 f6 19. cxd5 fxg5 20. d6 Rxb7 21.
Nxg5 Rh6 22. Rc1 Rg6 23. h4 1-0

[Event "SG Gunzenhausen/Weißenburg 2-SGem 1882 F"]
[Site "?"]
[Date "2012.11.18"]
[Round "3.2"]
[White "Frank, Gerhard"]
[Black "Schwarz, Werner"]
[Result "1/2-1/2"]
[WhiteElo "1704"]
[BlackElo "1760"]
[PlyCount "58"]
[EventDate "2012.??.??"]
[WhiteTeam "SG Gunzenhausen/Weißenburg 2"]
[BlackTeam "SGem 1882 Fürth 1"]

1. c4 Nf6 2. Nc3 e5 3. d3 d5 4. cxd5 Nxd5 5. g3 Be6 6. Bg2 Be7 7. Nf3 Nc6 8.
O-O O-O 9. a3 a6 10. Bd2 f6 11. Qc2 Rc8 12. Rac1 Nd4 13. Nxd4 exd4 14. Nxd5
Bxd5 15. Bxd5+ Qxd5 16. Qc4 Qxc4 17. Rxc4 c5 18. Rfc1 b5 19. R4c2 Rc6 20. Kf1
Rfc8 21. e3 Rd8 22. Ke2 Re6 23. Ba5 Re8 24. Bd2 Bf8 25. Kf3 g6 26. exd4 cxd4
27. Rc6 f5 28. Rxe6 Rxe6 29. Rc8 Kf7 1/2-1/2

[Event "SG Gunzenhausen/Weißenburg 2-SGem 1882 F"]
[Site "?"]
[Date "2012.11.18"]
[Round "3.3"]
[White "Bauer, Peter"]
[Black "Jäger, Peter"]
[Result "1/2-1/2"]
[WhiteElo "1745"]
[BlackElo "1702"]
[PlyCount "158"]
[EventDate "2012.??.??"]
[WhiteTeam "SGem 1882 Fürth 1"]
[BlackTeam "SG Gunzenhausen/Weißenburg 2"]

1. d4 d5 2. Nf3 g6 3. Bf4 Bg7 4. e3 Nf6 5. c4 c5 6. Be5 Qa5+ 7. Qd2 Qxd2+ 8.
Nbxd2 cxd4 9. Bxd4 Nc6 10. cxd5 Nxd4 11. Nxd4 Nxd5 12. Bb5+ Bd7 13. Bxd7+ Kxd7
14. N2f3 Rhd8 15. O-O Ke8 16. Rac1 Nf4 17. Rc7 Rab8 18. b3 Nd5 19. Rc4 a6 20.
a4 Nb6 21. Rc2 e5 22. Ne2 Rd7 23. e4 Rbd8 24. a5 Nc8 25. h3 f6 26. Nc1 Nd6 27.
Re1 Nb5 28. Ne2 Bf8 29. Ra1 Rd1+ 30. Rxd1 Rxd1+ 31. Kh2 Bb4 32. Ra2 Rb1 33. h4
Rxb3 34. h5 Nd6 35. hxg6 hxg6 36. Ng3 Nc4 37. Ra1 Nxa5 38. Nh4 Kf7 39. Rd1 Nc6
40. Ne2 Rb2 41. Rd7+ Be7 42. Nc3 Ke8 43. Rc7 Bd8 44. Rh7 Ne7 45. Nd5 Nxd5 46.
exd5 a5 47. d6 Rd2 48. Rxb7 Rxd6 49. Nxg6 Rd7 50. Rb5 a4 51. Rb2 a3 52. Ra2 Ra7
53. Nh4 Kf7 54. Nf5 Ke6 55. g4 Bb6 56. Kg3 Kd5 57. Kf3 Bc5 58. Ng3 Ra4 59. Ne2
Kc4 60. Nc1 Kb5 61. Nb3 Rf4+ 62. Kg3 Rxf2 63. Rxf2 Bxf2+ 64. Kxf2 Kb4 65. Nc1
Kc3 66. Na2+ Kd2 67. Kf3 Kd3 68. Nb4+ Kc4 69. Na2 Kb3 70. Nc1+ Kc2 71. Na2 Kb2
72. Nb4 Kb3 73. Nd3 Kc4 74. Nc1 Kd5 75. Ke3 e4 76. Na2 Ke5 77. Nc3 f5 78. gxf5
Kxf5 79. Na2 Ke5 1/2-1/2

[Event "SG Gunzenhausen/Weißenburg 2-SGem 1882 F"]
[Site "?"]
[Date "2012.11.18"]
[Round "3.4"]
[White "Strobl, Thomas"]
[Black "Taskin, Kadir"]
[Result "1-0"]
[WhiteElo "1683"]
[BlackElo "1703"]
[PlyCount "25"]
[EventDate "2012.??.??"]
[WhiteTeam "SG Gunzenhausen/Weißenburg 2"]
[BlackTeam "SGem 1882 Fürth 1"]

1. d4 d5 2. e3 Nf6 3. Bd3 g6 4. f4 Nc6 5. Nf3 Ne4 6. Nbd2 f5 7. O-O Bg7 8. c4
e6 9. Qb3 O-O 10. cxd5 Nxd2 11. Bxd2 exd5 12. Rac1 Rb8 13. Rxc6 1-0

[Event "SG Gunzenhausen/Weißenburg 2-SGem 1882 F"]
[Site "?"]
[Date "2012.11.18"]
[Round "3.5"]
[White "Schmidt, Friedrich"]
[Black "Sikorsky, Reinhard"]
[Result "1-0"]
[WhiteElo "1692"]
[BlackElo "1663"]
[PlyCount "91"]
[EventDate "2012.??.??"]
[WhiteTeam "SGem 1882 Fürth 1"]
[BlackTeam "SG Gunzenhausen/Weißenburg 2"]

1. d4 Nf6 2. c4 g6 3. Nc3 Bg7 4. g3 O-O 5. Bg2 d6 6. e4 Nc6 7. Nge2 e5 8. Bg5
h6 9. Bxf6 Bxf6 10. d5 Ne7 11. O-O Bg7 12. Qd2 f5 13. f4 fxe4 14. fxe5 dxe5 15.
Rxf8+ Kxf8 16. Rf1+ Kg8 17. Nxe4 Nf5 18. N2c3 Bd7 19. b4 Qe7 20. c5 Rd8 21. a4
Nd4 22. b5 Be6 23. d6 cxd6 24. cxd6 Qd7 25. Nf6+ Bxf6 26. Rxf6 Qg7 27. Ne4 Rxd6
28. Nxd6 Qxf6 29. Nxb7 Kg7 30. Qe3 Qf5 31. Nd6 Qb1+ 32. Bf1 Kh7 33. Ne4 Kg7 34.
Nd2 Qf5 35. Bd3 Qh5 36. Bf1 Bd5 37. a5 Qf5 38. b6 axb6 39. axb6 Nf3+ 40. Nxf3
Bxf3 41. Bd3 Qf6 42. Ba6 e4 43. Bf1 Qb2 44. Qc5 Qd2 45. b7 e3 46. Qe7+ 1-0

[Event "SG Gunzenhausen/Weißenburg 2-SGem 1882 F"]
[Site "?"]
[Date "2012.11.18"]
[Round "3.6"]
[White "Gajewski, Richard"]
[Black "Heydt, Günter"]
[Result "1-0"]
[WhiteElo "1617"]
[BlackElo "1661"]
[PlyCount "85"]
[EventDate "2012.??.??"]
[WhiteTeam "SG Gunzenhausen/Weißenburg 2"]
[BlackTeam "SGem 1882 Fürth 1"]

1. e4 c5 2. c3 g6 3. f4 Bg7 4. Nf3 d6 5. Bc4 Nf6 6. d3 Nc6 7. O-O O-O 8. Nbd2
e6 9. Bb3 b5 10. e5 dxe5 11. fxe5 Ng4 12. Ne4 Qb6 13. d4 cxd4 14. cxd4 Ncxe5
15. Nxe5 Nxe5 16. Be3 Nc4 17. Bxc4 bxc4 18. Qd2 Qc6 19. Rf4 Bb7 20. Raf1 Rad8
21. Rh4 h5 22. Qc2 e5 23. dxe5 Bxe5 24. Bg5 Rd3 25. Bf6 Qb6+ 26. Kh1 Bxe4 27.
Bxe5 Qc6 28. Re1 f5 29. Kg1 Rfd8 30. Bc3 Qc5+ 31. Kh1 Re3 32. Qf2 Rxe1+ 33.
Qxe1 Qd5 34. Qg3 Qd1+ 35. Be1 Kf7 36. Rf4 Rd3 37. Qf2 g5 38. Rxe4 Kg6 39. Re6+
Kg7 40. Qxf5 Rd7 41. Qxg5+ Kf8 42. Qf6+ Kg8 43. Re8+ 1-0

[Event "SG Gunzenhausen/Weißenburg 2-SGem 1882 F"]
[Site "?"]
[Date "2012.11.18"]
[Round "3.7"]
[White "Sawitzki, Nikolaus"]
[Black "Reichert, Romuald"]
[Result "0-1"]
[WhiteElo "1657"]
[BlackElo "1749"]
[PlyCount "102"]
[EventDate "2012.??.??"]
[WhiteTeam "SGem 1882 Fürth 1"]
[BlackTeam "SG Gunzenhausen/Weißenburg 2"]

1. e4 e5 2. Bc4 c6 3. Nc3 Nf6 4. d3 Be7 5. h3 d6 6. Nf3 b5 7. Bb3 a5 8. a3 Be6
9. Bxe6 fxe6 10. O-O Na6 11. Nh2 O-O 12. Ng4 Nc7 13. f4 exf4 14. Bxf4 e5 15.
Be3 Ne6 16. Nxf6+ Bxf6 17. Qg4 Qe7 18. Ne2 d5 19. Ng3 Kh8 20. Nf5 Qd7 21. Rf3
d4 22. Bd2 g6 23. Ng3 Nc5 24. Qxd7 Nxd7 25. Raf1 Kg7 26. Ne2 c5 27. c3 a4 28.
cxd4 cxd4 29. Rc1 Rac8 30. Rff1 Be7 31. Rxc8 Rxc8 32. Nc1 g5 33. Kf2 Rc2 34.
Ke1 Rxb2 35. Rf2 Bxa3 36. Bxg5 Rxf2 37. Kxf2 b4 38. Ke2 b3 39. Nxb3 axb3 40.
Kd2 h6 41. Bd8 h5 42. g4 hxg4 43. hxg4 Nf6 44. g5 Ng4 45. Bc7 Kg6 46. Bd8 Kf7
47. Bc7 Ke7 48. Bb6 Bb4+ 49. Kc1 Bc3 50. Bc7 Nf2 51. Bxe5 Nxd3+ 0-1

[Event "SG Gunzenhausen/Weißenburg 2-SGem 1882 F"]
[Site "?"]
[Date "2012.11.18"]
[Round "3.8"]
[White "Leng, Karl-Heinz"]
[Black "Lober, Wolfgang"]
[Result "1/2-1/2"]
[WhiteElo "1447"]
[BlackElo "1631"]
[PlyCount "51"]
[EventDate "2012.??.??"]
[WhiteTeam "SG Gunzenhausen/Weißenburg 2"]
[BlackTeam "SGem 1882 Fürth 1"]

1. e4 c5 2. Nc3 e6 3. Bc4 Nc6 4. Nf3 d6 5. d3 Nf6 6. h3 Be7 7. O-O O-O 8. Nh2
a6 9. a4 Re8 10. f4 d5 11. Ba2 d4 12. Ne2 b5 13. axb5 axb5 14. Bd2 Qb6 15. f5
c4 16. Kh1 Ne5 17. Bf4 Nc6 18. c3 dxc3 19. bxc3 Rd8 20. Ng3 e5 21. Bg5 Rxd3 22.
Qe1 Bb7 23. Bxf6 Bxf6 24. Nh5 Qd8 25. Ng4 Rd2 26. Ngxf6+ 1/2-1/2